Java pageant : Impressions of the 1930

Bibliographic Details
Main Author: Ponder, H.W
Format: Book
Published: Singapore : Oxford University Prees , 1988
Subjects:

MARC

LEADER 00000cam a2200000 7i4500
001 0000004800
002 000005175
005 20081127.0
020 |a 0195889096 
090 0 0 |a 390.5982   |b PON 
100 1 |a Ponder, H.W 
245 1 0 |a Java pageant :   |b Impressions of the 1930   |c H.W. Ponder 
260 |a Singapore :   |b Oxford University Prees ,   |c 1988 
300 |a 304p. ;   |c 20cm. 
650 0 0 |a Javanese (Indonesian people)   |x History 
651 0 |a Java   |x History 
999 |a 035456   |b BUKU   |c PINJAMAN   |e PERPUSTAKAAN KOMUNITI PETALING JAYA